LIBRARY & INFORMATION CENTRE, KCAET, TAVANUR

ONLINE PUBLIC ACCESS CATALOGUE (OPAC)

Aagraham / (Record no. 1184)

MARC details
000 -LEADER
fixed length control field 00370cam a2200145ua 4500
041 ## - LANGUAGE CODE
Language code of text/sound track or separate title mal
082 ## - DEWEY DECIMAL CLASSIFICATION NUMBER
Classification number 894.8122
Item number PAD/AA
100 ## - MAIN ENTRY--AUTHOR NAME
Personal name Padmanabhan, T.A .
245 ## - TITLE STATEMENT
Title Aagraham /
260 ## - PUBLICATION, DISTRIBUTION, ETC. (IMPRINT)
Place of publication Thuravoor :
Name of publisher Sree Narasimha Vilasam Book Depot ,
Year of publication 1956.
300 ## - PHYSICAL DESCRIPTION
Number of Pages 112 ; .
942 ## - ADDED ENTRY ELEMENTS (KOHA)
Koha item type Books
Holdings
Withdrawn status Lost status Damaged status Home library Current library Date acquired Full call number Accession Number Koha item type
Withdrawn     KAUAET KAUAET 07/04/2012 894.8122 1370 Books
free website counter